000 00580nam a2200181 i 4500
001 95207
003 ES-MaACL
005 20230906181645.0
007 t|
008 050524s1909 xxk ||||1| eng d
100 1 _aLützow, Franz Heinrich Hieronymus Valentin.
_974890
245 1 4 _aThe life & times of master John Hus /
_cby the count Lützow.
260 _aLondon :
_bThe Temple Press,
_c1909.
300 _a9 lám., XI, 398 p. ;
_c23 cm.
600 1 4 _aHus, Jan (
_dca. 1370-1415)
_9128100
651 4 _aBohemia-
_xHistoria eclesiástica.
_9156048
852 _aES-MaACL
_jB-12251
999 _c95207
_d95207